| 000 | 01150cam a2200313 a 4500 | ||
|---|---|---|---|
| 001 | 651395 | ||
| 003 | ARRUPE | ||
| 005 | 20150916115205.0 | ||
| 008 | 940209m19952002nyua b 001 0beng | ||
| 010 | _a 94006598 | ||
| 020 | _a0394579429 (v. 1) | ||
| 020 | _a0679429328 (v. 2 : jkt.) | ||
| 040 |
_aDLC _cDLC _dDLC |
||
| 043 | _ae-uk-en | ||
| 050 | 0 | 0 |
_aQH31.D2 _bB882 |
| 082 | 0 | 0 |
_a575/.0092 _aB _220 |
| 100 | 1 |
_aBrowne, E. J. _q(E. Janet), _d1950- _912301 |
|
| 245 | 1 | 0 |
_aCharles Darwin : _ba biography / _cJanet Browne. |
| 250 | _a1st ed. | ||
| 260 |
_aNew York : _bKnopf : _bDistributed by Random House, _c1995-2002. |
||
| 300 |
_a2 v. : _bill. ; _c25 cm. |
||
| 504 | _aIncludes bibliographical references and indexes. | ||
| 505 | 0 | _av. 1. Voyaging -- v. 2. The power of place. | |
| 600 | 1 | 0 |
_aDarwin, Charles, _d1809-1882. _96790 _xVoyages |
| 906 |
_a7 _bcbc _corignew _d1 _eocip _f19 _gy-gencatlg |
||
| 942 |
_2lcc _cMONOGRAPH |
||
| 999 |
_c123280 _d123280 |
||